000 00621nam a2200229Ia 4500
008 100315s9999 xx 000 0 und d
040 _cENGLISH 
082 _b7324 
_a658.403 
100 _a"Thomas, Howard "
245 _aDecision Theory and the Manager
260 _aLondon 
_bPitman  
_c1972 
300 _a137 
365 _eRupees 
_d
_b0.00 
366 _f
505 _gRamakant Amar Navghare 
530 _bDonated by RBI Library  
620 _aHRM 
630 _aDecision Theory and the Manager
650 _aHRM 
730 _aDecision Theory and the Manager
942 _cBOOK
999 _c482059
_d482056